| 000 | 00724cam a22002172 4500 | ||
|---|---|---|---|
| 001 | 0000009066 | ||
| 005 | 20151217161140.0 | ||
| 008 | 080806s xx 000 0 eng d | ||
| 020 | _cDonation | ||
| 040 |
_aKABU _cKABU |
||
| 245 | 1 | 0 |
_aKenya E-mail/Fax directory : _bofficia national edition. |
| 260 |
_aNairobi : _bKenya Postel Directories. |
||
| 310 | _aAnnual | ||
| 500 | _aLibrary has: 2004, 2005, 2010. | ||
| 650 | 0 |
_aElectronic mail systems _vDirectories _zKenya. _@0000160020 |
|
| 908 | _a080806 | ||
| 950 | _@1 | ||
| 999 |
_c15078 _d15078 |
||